| 000 | 00861nam a22002297a 4500 | ||
|---|---|---|---|
| 005 | 20250424112308.0 | ||
| 010 | _aB-767217-225 BACEN25 | ||
| 020 |
_a9789325981294 _c495.00 |
||
| 035 | _aB-767217-225 | ||
| 037 | _bUDH Pub. | ||
| 082 | _a571.862 | ||
| 100 |
_aBhojwani,S.S. _980841 |
||
| 245 |
_aThe Embryology of angiosperms/ _cby S.S.Bhojwani, S.P. Bhatnagar [and] P.K. Dantu |
||
| 250 | _a6 | ||
| 260 |
_aNoida _bVikas Publishing House _c2018(rep) 2020 (rep) |
||
| 270 |
_aE-28,Sector-8 _bNoida (UP) _e201301 |
||
| 300 |
_axii,376p. _c28cm(pbk) _bill. |
||
| 700 |
_aBhanagar,S.P. _977214 |
||
| 700 |
_aP.K. Dantu _977215 |
||
| 942 |
_2ddc _cEN _mBHO _h571.862 |
||
| 999 |
_c209156 _d209156 |
||